000 01436cab a22002655a 4500
001 ABS63923
008 010501s2001 xxk f 000 0 eng d
035 _a(Sirsi) u112306
041 0 _aeng
100 1 _aWynn, P.
245 0 0 _aMortgage valuation report forms and the identification of subsidence
260 _c2001
490 4 _aStructural Survey
_v19(1) 2001, 15-20(6)
520 _aDiscusses whether surveyors engaged in mortgage valuation inspections are subject to an increased risk of liability in identifying the risk of subsidence to properties. Researchers examined a range of mortgage evaluation report forms and found that 24 out of the sample 34 report forms are inadequate and unreliable with considerable variation between procedures for data collection in each lending institution. Makes recommendations on the future of key questions on subsidence in mortgage valuation report forms. Table lists ocurrence of key subsidence-related questions. References.
590 _aABS
650 _aRICS APPRAISAL AND VALUATION MANUAL
650 _aBEATON V NATIONWIDE BUILDING SOCIETY
650 _aCROSS V MARTIN AND MORTIMER
650 _aDaisley v B S Hall and Co
650 _aHINGORANI V BLOWER
650 _aMORGAN V PERRY
690 _aPROPERTY-RESIDENTIAL PROPERTY-RESIDENTIAL PROPERTY FINANCE AND INVESTMENT-MORTGAGING RESIDENTIAL PROPERTY-MORTGAGE VALUATION
700 1 _aHardiment, G.
942 _n0
999 _c66854
_d66854